| 000 | 00484nam a2200181Ia 4500 | ||
|---|---|---|---|
| 003 | GCL | ||
| 008 | 140319s9999 xx 000 0 ara d | ||
| 040 |
_aGCL / _cGCL |
||
| 082 | 0 | 4 |
_a909 _bج ل |
| 100 | 1 | _aنهرو جواهر لال | |
| 245 | 1 | 0 |
_aلمحات من تاريخ العالم / _cنهرو جواهر لال |
| 260 |
_a[S.N] : _bدار الجيل ، _c1989 |
||
| 300 | _a550 | ||
| 490 | _a | ||
| 650 | 0 | 4 | _aالتاريخ |
| 650 | 0 | 4 | _aالعالم |
| 942 |
_2ddc _cBK |
||
| 999 |
_c55256 _d55256 |
||